00383nam a2200145Ia 4500008004100000020001800041041000800059082001700067100003900084245004200123250000600165260003800171300001000209650001800219210716s2009 xx 000 0 und d a9788183332934 aeng a005.133 KANY aKanetkar, Yashavant P;Dani, Asang. aInterview questions in c programming. a1 aNew DelhibBPB Publicationsc2009 av,510 aC Programming